Kazakh National Technical University named after K. I.Satpayev: today (Record no. 616657)

000 -LEADER
fixed length control field 00408nam a22001457a 4500
020 ## - INTERNATIONAL STANDARD BOOK NUMBER
International Standard Book Number 9786012090765
082 ## - DEWEY DECIMAL CLASSIFICATION NUMBER
Classification number 378.584
Author Mark ONE
245 ## - TITLE STATEMENT
Title Kazakh National Technical University named after K. I.Satpayev: today
260 ## - PUBLICATION, DISTRIBUTION, ETC.
Place of publication, distribution, etc. Almaty:
Name of publisher, distributor, etc. KazNTU Press
Date of publication, distribution, etc. 2009.
300 ## - PHYSICAL DESCRIPTION
Extent 375p
504 ## - BIBLIOGRAPHY, ETC. NOTE
Bibliography, etc. note Kazakh language
563 ## - BINDING INFORMATION
Binding note HB
650 ## - SUBJECT ADDED ENTRY--TOPICAL TERM
Topical term or geographic name entry element Universities and colleges — Kazakhstan
942 ## - ADDED ENTRY ELEMENTS (KOHA)
Source of classification or shelving scheme
Koha item type Book
650 ## - SUBJECT ADDED ENTRY--TOPICAL TERM
-- 133696
Holdings
Withdrawn status Lost status Source of classification or shelving scheme Materials specified (bound volume or other part) Damaged status Not for loan Permanent Location Current Location Date acquired Coded location qualifier Total Checkouts Full call number Barcode Date last seen Price effective from Koha item type Public note
      Satbayev Centre     Central Library (CL) Central Library (CL) 03/12/2026 Satbayev C   378.584 ONE CL-D-3251 03/12/2026 03/12/2026 Book Satbayev Centre
© 2023 Central Library, National University of Sciences and Technology. All Rights Reserved.